00925nam a2200241 4500003000900000005001700009008004100026040004600067082002300113100004200136110004200178245014600220264004900366300002300415336002200438337002400460338003300484546002000517650003600537651001000573700004300583856005700626EG-GICUC20260303114220.0260225s1956 nyu |||fr ||| 00| 0 eng d a EG-GICUCbfrec EG-GICUCd EG-GICUCerda04a341.1bM O . P2211 aMoreau Henri, Bressac Henri eAuthor.1 kCandless O. Carlysle Mc eContributor aPractical Studies In Foreign Law (French Corporations) /cby Messrs. Henri Moreau; Henri Bressac, Collaboration With O. Carlysle Mc Candless. aNew York City:bOceana Publications, c1956. a89 Pages :c24 Cm. 2rda contentatext 2rda mediaaComputer 2rda carrieraOnline Resource aText in English14aPublic international law2qrmak1 2qrmak0 aCandless O. Carlysle Mc eContributor40uhttps://fll.law.cu.edu.eg/fulltext/bks/B11-06434.pdf